[Event "HUN-chT U18"]
[Site "Budapest"]
[Date "2022.11.01"]
[Round "3.6"]
[White "Gergely, Balint"]
[Black "Graczol, Tamas"]
[Result "1-0"]
[WhiteElo "1215"]
[BlackElo "1134"]
[PlyCount "75"]
[EventDate "2022.10.31"]
[EventType "team-swiss"]
[EventRounds "7"]
[EventCountry "HUN"]
[SourceTitle "CBM 211 Extra"]
[Source "ChessBase"]
[SourceDate "2023.01.31"]
[SourceVersion "1"]
[SourceVersionDate "2023.01.31"]
[SourceQuality "1"]
[WhiteTeam "Budapest MTK II"]
[BlackTeam "Barcza GSC"]
[WhiteTeamCountry "HUN"]
[BlackTeamCountry "HUN"]

1. e4 c5 2. Nf3 Nc6 3. d4 cxd4 4. Nxd4 g6 5. c4 Bg7 6. Be3 Nf6 7. Nc3 0-0 8. Be2 d6 9. f3 Qc7 10. 0-0 Ne5 11. Qb3 Be6 12. Nxe6 fxe6 13. Rac1 Nfd7 14. Nb5 Qa5 15. Nd4 Nc5 16. Qc2 Qxa2 17. Ra1 Qxa1 18. Rxa1 a6 19. b4 Ncd7 20. Nxe6 Rf6 21. Nc7 Rc8 22. Nd5 Rf7 23. Rc1 e6 24. Nf4 Bh6 25. Qd2 Rf6 26. Nh3 Bxe3+ 27. Qxe3 Nc6 28. Qd2 e5 29. Ng5 Nd4 30. Qa2 Kg7 31. Bd3 h6 32. Nh3 b5 33. Qxa6 bxc4 34. Qxc8 cxd3 35. Qxd7+ Rf7 36. Qc8 Ne2+ 37. Kf2 Nxc1 38. Qxc1 1-0